Sports Quiz

Random Sports or Clickable Quiz

Cubs Home Run Hitters of 2015 Quiz Stats

 Plays Quiz not verified by Sporcle

Support Sporcle.
Go Orange.
Score 0/20 Timer 14:00
0 Plays Today
% Correct
???
90.7%
???
90.1%
???
73.1%
???
68.9%
???
67.1%
???
66.8%
???
66.5%
???
65.9%
???
65.6%
???
65.3%
% Correct
???
65.3%
???
63.8%
???
58.7%
???
51.2%
???
47.6%
???
44.9%
???
42.2%
???
38.9%
???
36.8%
???
36.8%

You're not logged in!

Compare scores with friends on all Sporcle quizzes.
OR
Log In

From the Vault

Criteria Characters: Classic Cartoons

by biggs364

Given the amount of violence in some old cartoons, it's only natural that this is a minefield.
Remove Ads.
Support Sporcle.
Get the best of Sporcle when you Go Orange. This ad-free experience offers more features, more stats, and more fun while also helping to support Sporcle. Thank you for becoming a member.

Show Comments

Extras

Top Quizzes Today


Score Distribution

Your Account Isn't Verified!

In order to create a playlist on Sporcle, you need to verify the email address you used during registration. Go to your Sporcle Settings to finish the process.

Report this User

Report this user for behavior that violates our Community Guidelines.

Details: